Proceedings of Natural Rubber Conference, Kuala Lumpur, 1968. Part 2 (Record no. 22704)

MARC details
000 -LEADER
fixed length control field 00570nam a2200193Ia 4500
082 ## - DEWEY DECIMAL CLASSIFICATION NUMBER
Classification number NR:063RG`1968'
Item number RRM.2
245 #0 - TITLE STATEMENT
Title Proceedings of Natural Rubber Conference, Kuala Lumpur, 1968. Part 2
260 ## - PUBLICATION, DISTRIBUTION, ETC. (IMPRINT)
Place of publication Malaysia
Name of publisher RRIM
Year of publication 1968
505 ## - FORMATTED CONTENTS NOTE
Formatted contents note Published as Vol 22 of Journal of RRIM
650 ## - SUBJECT ADDED ENTRY--TOPICAL TERM
Topical Term Block naturalrubber
650 ## - SUBJECT ADDED ENTRY--TOPICAL TERM
Topical Term Heveacrumb
650 ## - SUBJECT ADDED ENTRY--TOPICAL TERM
Topical Term Latex technology
650 ## - SUBJECT ADDED ENTRY--TOPICAL TERM
Topical Term Rubber compounding
650 ## - SUBJECT ADDED ENTRY--TOPICAL TERM
Topical Term Rubber engineering
650 ## - SUBJECT ADDED ENTRY--TOPICAL TERM
Topical Term Rubberised road
650 ## - SUBJECT ADDED ENTRY--TOPICAL TERM
Topical Term Vulcanization
942 ## - ADDED ENTRY ELEMENTS (KOHA)
Koha item type Books
Holdings
Withdrawn status Lost status Damaged status Not for loan Home library Current library Date acquired Cost, normal purchase price Full call number Accession Number Koha item type
        RRII Library RRII Library 16/12/2021 15.00 NR:063RG`1968' RRM.2 03424 Books